00797nam a22002297a 450000500170000001000150001702000260003203500140005803700090007208200130008110000220009424500470011625000060016326000400016927001340020930000200034370000220036376000060038594200270039199900190041895201300043720260319115840.0 aENG-147943 a9788199355781c175.00 aEN-131475 bDBAD a158.421 aJha Jyoti 988624 aSpectrum And Beyond /cJyoti Jha hEnglish a1 aPunebVishwakarma Publicationc2025 a34A/1, Suyog Center7th Floor, Gultekadi Marketyard Road, Giridhar Bhavan Chowk, Pune: 411037, Maharashtra, India.b Pune e411037 a166p.c22cm(Pb) aJha Jyoti 987103 b1 2ddccENh158.4mJHAe1 c215649d215649 001040708NFICaZLSbZLSd2026-03-19eDBADg175.00l0o158.4 JHApEN-131475r2026-03-19 00:00:00t1v175.00w2026-03-19yEN